La solidaridad de los pueblos con la República española : (Record no. 174675)

MARC details
000 -LEADER
campo de control de longitud fija 01010nam a2200229 4500
001 - NÚMERO DE CONTROL
campo de control 174675
003 - IDENTIFICADOR DE NÚMERO DE CONTROL
campo de control ES-MaACL
005 - FECHA Y HORA DE LA ÚLTIMA TRANSACCIÓN
campo de control 20230906215621.0
008 - DATOS DE LONGITUD FIJA--INFORMACIÓN GENERAL
campo de control de longitud fija 100517s1974 ru ao |||| | spa d
080 ## - NÚMERO DE LA CLASIFICACIÓN DECIMAL UNIVERSAL
Número de la Clasificación Decimal Universal 355.337.26(460)"1936/39"
080 ## - NÚMERO DE LA CLASIFICACIÓN DECIMAL UNIVERSAL
Número de la Clasificación Decimal Universal 946.0"1936/39"
245 03 - MENCIÓN DEL TÍTULO
Título La solidaridad de los pueblos con la República española :
Resto del título 1936-1939 /
Mención de responsabilidad, etc. [Comisión Internacional de Redacción, H. Teubner ... et al. ; traducido por Isidro R. Mendieta].
260 ## - PUBLICACIÓN, DISTRIBUCIÓN, ETC.
Lugar de publicación, distribución, etc. Moscú :
Nombre del editor, distribuidor, etc. Progreso,
Fecha de publicación, distribución, etc. 1974.
300 ## - DESCRIPCIÓN FÍSICA
Extensión 413 p., [1] h. pleg. de mapa col. :
Otras características físicas il., fot. ;
Dimensiones 22 cm.
500 ## - NOTA GENERAL
Nota general Índice.
504 ## - NOTA DE BIBLIOGRAFÍA, ETC.
Nota de bibliografía, etc. Referencias bibliográficas.
594 ## - Nota al título y mención de responsabilidad
Nota al título y mención de responsabilidad Precede al tít.: Academia de Ciencias de la URSS. Instituto del Movimiento Obrero Internacional. Comité Soviético de Veteranos de Guerra.
651 #4 - PUNTO DE ACCESO ADICIONAL DE MATERIA--NOMBRE GEOGRÁFICO
Nombre geográfico España-
Subdivisión general Historia-
Subdivisión cronológica 1936-1939, Guerra civil-
Subdivisión general Participación extranjera.
9 (RLIN) 8319
700 1# - ENTRADA AGREGADA--NOMBRE PERSONAL
Nombre de persona Teubner, H.
9 (RLIN) 142881
710 2# - ENTRADA AGREGADA--NOMBRE DE ENTIDAD CORPORATIVA
Nombre de entidad corporativa o nombre de jurisdicción como elemento de entrada Academia de Ciencias de la URSS.
9 (RLIN) 1167
852 4# - LOCALIZACIÓN
Ubicación ES-MaACL
Número de control de estantería C-57226
Holdings
Estatus retirado Estado de pérdida Estado de daño No para préstamo Biblioteca de origen Biblioteca actual Ubicación en estantería Fecha de adquisición Fuente de adquisición Total de préstamos Signatura topográfica completa Código de barras Visto por última vez Precio de reemplazo Tipo de ítem Koha
        Biblioteca del Ateneo de Madrid Biblioteca del Ateneo de Madrid Depósito 2 17/05/2010     C-57226 1183381 23/02/2023 23/02/2023 Libro impreso